Ohodnocovanie duševného vlastníctva metódou licenčnej analógie

S rozvojom nových technológií, inovácií, vynálezov, patentov, know-how, inovatívnych start-up či spin-off spoločností rapídne stúpa celkový význam ekonomickej kvantifikácie hodnoty duševného vlastníctva a teda samotné ohodnocovanie duševného vlastníctva. Uvedené aktíva už svojou nehmotnou povahou s...

Description complète

Enregistré dans:
Détails bibliographiques
Auteur principal: Havier, Jan, 1989-
Format: Chapitre de livre
Langue:slovaque
Sujets:
Tags: Ajouter un tag
Pas de tags, Soyez le premier à ajouter un tag!

MARC

LEADER 00000nla a2200000 4500
001 0248163
005 20250730115417.4
041 0 |a slo 
044 |a SK 
245 1 0 |a Ohodnocovanie duševného vlastníctva metódou licenčnej analógie  |c Jan Havier 
520 |a S rozvojom nových technológií, inovácií, vynálezov, patentov, know-how, inovatívnych start-up či spin-off spoločností rapídne stúpa celkový význam ekonomickej kvantifikácie hodnoty duševného vlastníctva a teda samotné ohodnocovanie duševného vlastníctva. Uvedené aktíva už svojou nehmotnou povahou spôsobujú skutočnosť, že samotná kvantifikácia ich hodnoty nie je vôbec jednoduchá. Metódu licenčnej analógie, ktorá je najčastejšie využívanou metódou na stanovenie hodnoty duševného vlastníctva. Kľúčovým parametrom na stanovenie skutočnej hodnoty duševného vlastníctva je práve výška licenčného poplatku. Výška licenčného poplatku je ovplyvnená mnohými faktormi, ale pre relevantné stanovenie výšky licenčného poplatku je nevyhnutný výskum výšky licenčných poplatkov. Ohodnotenie predmetu duševného vlastníctva s využitím výšky licenčného poplatku. 
610 2 0 |a licencie 
610 2 0 |a právo autorské 
610 2 0 |a poplatky 
610 2 0 |a hodnota 
610 2 0 |a vlastníctvo duševné 
610 2 0 |a patenty 
610 2 0 |a vynálezy 
100 1 |a Havier, Jan, 1989-